Escape The Night Quiz - Statistics

General Stats
  • This quiz has been taken 293 times
  • The average score is 13 of 15
Answer Stats
Question Answer % Correct
Who came in season 4 with Joey to save his dead friends? Bretman Rock
98%
Who is the Trouble-Maker? Nikita Dragun
98%
Who's last words are: " I love you. " Rosanna Pansino
98%
How does Jesse Wellens die? Bitten by Jorogumo
97%
How many seasons are there? (2021 November) Four
97%
Who dies first in season 1? Shane Dawson
97%
What is the name of the main villain in season 4? The Collecter
95%
Who dies fourth in season 1? Glozell Green
93%
Who in this list gets revived? (All Seasons) Matpat
92%
What is the title of episode five from season 2? The Gingerbread Woman
90%
Who is NOT betrayed out of all these people? (All Seasons) Teala Dunn
87%
What is the title of episode eight from season 3? Wicked Witches
85%
Why does Joey Graceffa sacrifice his friends lives for his in season 3? He does it for his own life
83%
Who is the Adventurer? Justine Ezarik
77%
Have you enjoyed this quiz? All of the above!
13%
No matching quizzes found
Score Distribution
Percent of People with Each Score
Percentile by Number Answered
Your Score History
You have not taken this quiz